Statistics for Geographical Locations starting with P

Click here to take the quiz!

General Stats

  • This quiz has been taken 83 times
    (33 since last reset)
  • The average score is 15 of 19

Answer Stats

HintAnswer% Correct
The largest body of water on earth{Pacific} {Ocean}
100%
Spain's most famous painter{Pablo} {Picasso}
96%
Hawaiian harbor attacked by the Imperial Japanese Navy in 1941{Pearl} Harbor
96%
You must go to Oslo to receive this award given in honor of Alfred NobelNobel {Peace} {Prize}
93%
The name of the country of Iran until 1935Persia
93%
The state capital of Western AustraliaPerth
93%
Official name of China{People's} {Republic} {of} China
89%
Capital of Cambodia{Phnom} {Penh}
89%
Country in South AsiaPakistan
82%
The Holy LandPalestine
82%
A gulf between Iran and the Arabian PeninsulaThe {Persian} {Gulf}
82%
City in Navarre of northern Spain famous for The running of the bullsPamplona
71%
Capital city of MontenegroPodgorica
71%
The capital of SurinameParamaribo
68%
The circular temple in Rome, dedicated to all the gods in 27 BCPantheon
61%
Part of Oceania including Easter Island, Hawaii, New Zealand, Samoa, Tahiti, and TongaPolynesia
61%
In Italy they call plazas...Piazzas
57%
A coastal town and port in Cornwall, England that inspired the nautical opera and movie called...The Pirates of {Penzance}
50%
Fashionable street in Westminster, leading from Trafalgar Square{Pall} {Mall}
32%

Score Distribution

Percentile by Number Answered

Percent of People with Each Score

Your Score History

You have not taken this quiz since the last reset